Statistics for Countries by Official Travel Slogans

Click here to take the quiz!

General Stats

  • This quiz has been taken 28 times
  • The average score is 20 of 30

Answer Stats

SloganCountry% Correct
100% PureNew Zealand
100%
Endless DiscoveryJapan
92%
Europe's West CoastPortugal
92%
Beats to your rhythmArgentina
88%
Where happiness finds youFiji
88%
Land of the IncasPeru
88%
The Pyrenean CountryAndorra
83%
All are welcomeChile
83%
Where it all beginsEgypt
83%
Land of OriginsEthiopia
83%
Good people, Great nationNigeria
83%
All within your reachUnited States
83%
SensationalBrazil
79%
Arrive and reviveAustria
75%
South America undiscoveredGuyana
75%
Discover what MattersVanuatu
75%
The true South PacificTonga
71%
Be our guestTurkey
67%
Seek the UnexploredSolomon Islands
63%
Wonder of AsiaSri Lanka
58%
Beauty has an addressOman
54%
Discover SVGSaint Vincent and the Grenadines
50%
The beach is just the beginningAntigua and Barbuda
46%
Hospitality beyond bordersBelarus
42%
Best enjoyed slowlyLatvia
42%
The 45 Minute CountryEl Salvador
38%
The Kingdom In The SkyLesotho
38%
Naturally IrresistibleUzbekistan
29%
All of Africa in one countryCameroon
25%
Life is GrandThe Bahamas
8%

Score Distribution

Percentile by Number Answered

Percent of People with Each Score

Your Score History

You have not taken this quiz